000 00680nam a22002177a 4500
005 20170124110115.0
010 _aB-181252
020 _c450.00
_a9788174790545
035 _aB-181252
037 _bCen Lib/Ret
040 _aDPL
_bEN
082 _a921
_bLEG
245 _aLengendary Biju :
_cedited by K. P. Mohanty
_bthe man and mission /
260 _aNew Delhi
_bKaveri Books
_c2002
270 _a4697/5-21 A, Ansari Road
_bNew Delhi
_e110002
300 _ax,262p.
_c22cm(Hb)
500 _aIncludes index
650 _aPoliticians -- India -- Odisha -- Biography
_929878
650 _aOdisha (India) -- Biography
_929879
942 _2ddc
_cEN
_h921
_mLEG
999 _c130701
_d130701